Emojis par films (facile) - Statistiques

Statistiques générales
  • Ce quiz a été pris 3 057 fois
  • Le résultat moyen est 10 sur 15
Statistiques - réponses
Emojis Film % Correct
🚢 👩‍🦰 ❤️👱‍♂️ Titanic
99%
👸 ❄️ Reine des neiges
93%
🧑🏻🍫🏭 Charlie et la chocolaterie
90%
👹🟢🎄😤 Grinch
89%
👽🚴🏻🌙👆🏻 E.T
87%
🦁🫅 Roi lion
85%
🦈🦷👩👙 Dents de la mer
83%
👦🏻👓 🪄⚡️🏰 Harry potter
79%
🦍 🌆 King kong
76%
👩🧠😃😢😡🤮😳 Vice Versa
75%
🤠🚀🧑‍🚀🧸 Toy story
41%
👩👙👚🎀🩷🪆 Barbie
35%
🧌🟢 Shrek
31%
🇬🇷👩👩🪩💃 Mamma mia
24%
🧑🏻🧑🏻🧑🏻🧑🏻🧑🏻🧑🏻🧑🏻🧑🏻🔵 Avatar
23%
Aucun quiz correspondant
Distribution des résultats
% des personnes avec chaque résultat
Percentile par nombre de réponses
Votre historique - résultats
Vous n’avez pas pris ce quiz